[Event "GRENKE Chess Open 2024"]
[Site "Karlsruhe"]
[Date "2024.03.29"]
[Round "2.12"]
[White "Boev, Viktor"]
[Black "Ivic, Velimir"]
[Result "0-1"]
[WhiteElo "2242"]
[BlackElo "2582"]
[Annotator "TA"]
[PlyCount "80"]
[EventDate "2024.03.28"]
[EventType "swiss"]
[EventCountry "GER"]
[SourceTitle "playchess.com"]
[Source "ChessBase"]
[SourceQuality "1"]

1. e4 c5 2. Nf3 d6 3. Bb5+ Nd7 4. O-O a6 5. Bd3 e6 6. c3 Ngf6 7. Bc2 b5 8. d4 Bb7 9. Nbd2 Be7 10. Re1 Qc7 11. Nf1 O-O 12. Ng3 Rfc8 13. Bd3 Bf8 14. h3 e5 15. d5 c4 16. Bc2 g6 17. a4 Rcb8 18. Be3 Nc5 19. a5 Bc8 20. Nd2 Nfd7 21. Ne2 Nb7 22. b4 cxb3 23. Nxb3 Ndc5 24. Qb1 Na4 25. Rc1 Bd7 26. Qa2 Rc8 27. Nd2 Nxc3 28. Nxc3 Qxc3 29. Nb3 Qc7 30. Bd3 Qd8 31. Qa3 Qe7 32. Rxc8 Rxc8 33. Nc1 Qh4 34. Na2 Nc5 35. Nb4 Nxe4 36. Nxa6 Rc3 37. Qb2 Rxd3 38. Nb8 Bc8 39. Qxb5 Rxe3 40. fxe3 Qf2+ 0-1

[Event "GRENKE Chess Open 2024"]
[Site "Karlsruhe"]
[Date "2024.03.29"]
[Round "2.13"]
[White "Pultinevicius, Paulius"]
[Black "Reviczki, Roland"]
[Result "1-0"]
[WhiteElo "2575"]
[BlackElo "2238"]
[Annotator "TA"]
[PlyCount "47"]
[EventDate "2024.03.28"]
[EventType "swiss"]
[EventCountry "GER"]
[SourceTitle "playchess.com"]
[Source "ChessBase"]
[SourceQuality "1"]

1. d4 Nf6 2. Bg5 c5 3. Bxf6 gxf6 4. d5 Qb6 5. Qc1 f5 6. c4 Bg7 7. Nc3 d6 8. e3 Nd7 9. Qc2 Ne5 10. Nh3 Bd7 11. Be2 O-O-O 12. O-O Ng4 13. a3 e5 14. Bxg4 fxg4 15. Ng5 Rdf8 16. b4 h6 17. Nge4 f5 18. bxc5 dxc5 19. Rab1 Qc7 20. d6 Qa5 21. Ng3 e4 22. Nd5 h5 23. Ne7+ Kb8 24. Ngxf5 1-0

[Event "GRENKE Chess Open 2024"]
[Site "Karlsruhe"]
[Date "2024.03.29"]
[Round "2.14"]
[White "Gajcin, Marina"]
[Black "Livaic, Leon"]
[Result "1-0"]
[WhiteElo "2241"]
[BlackElo "2558"]
[Annotator "TA"]
[PlyCount "75"]
[EventDate "2024.03.28"]
[EventType "swiss"]
[EventCountry "GER"]
[SourceTitle "playchess.com"]
[Source "ChessBase"]
[SourceQuality "1"]

1. e4 e6 2. d4 d5 3. Nc3 Bb4 4. e5 c5 5. a3 Bxc3+ 6. bxc3 Nc6 7. Nf3 Bd7 8. h4 Qa5 9. Bd2 Nge7 10. h5 h6 11. Rb1 Qc7 12. Qc1 O-O-O 13. Be2 c4 14. g4 Kb8 15. a4 Ka8 16. Qa3 f6 17. Bf4 g5 18. hxg6 Nxg6 19. Bg3 fxe5 20. dxe5 Bc8 21. Nd4 Ncxe5 22. Nb5 Qc6 23. Rh5 Rhf8 24. Bxe5 Nxe5 25. Rxe5 Qb6 26. Re3 a6 27. a5 Qc6 28. Nd4 Qc7 29. Nf3 Qf4 30. Qb4 Qxg4 31. Nd4 Qh4 32. Qb6 Rxf2 33. Nc6 Rxe2+ 34. Kxe2 Qh2+ 35. Kd1 bxc6 36. Qxc6+ Ka7 37. Qb6+ Ka8 38. Qxd8 1-0

[Event "GRENKE Chess Open 2024"]
[Site "Karlsruhe"]
[Date "2024.03.29"]
[Round "2.15"]
[White "Jaskolka, Tomasz"]
[Black "Heberla, Bartlomiej"]
[Result "1/2-1/2"]
[WhiteElo "2241"]
[BlackElo "2557"]
[Annotator "TA"]
[PlyCount "108"]
[EventDate "2024.03.28"]
[EventType "swiss"]
[EventCountry "GER"]
[SourceTitle "playchess.com"]
[Source "ChessBase"]
[SourceQuality "1"]

1. e4 e5 2. Nc3 Nc6 3. Bc4 Nf6 4. d3 Na5 5. Bb3 Bc5 6. Nf3 d6 7. Na4 Qe7 8. Bd2 Nxb3 9. axb3 a6 10. Nxc5 dxc5 11. Bc3 Bg4 12. h3 Bxf3 13. Qxf3 Nd7 14. Qg3 O-O-O 15. f4 exf4 16. Qxf4 f6 17. O-O-O Kb8 18. g4 Nf8 19. Qf5 Ne6 20. e5 fxe5 21. Rde1 g6 22. Qxe5 Rhe8 23. Re3 Qf7 24. Qf6 Qxf6 25. Bxf6 Nd4 26. Rhe1 Rxe3 27. Rxe3 Rd7 28. Re8+ Ka7 29. Kd2 Kb6 30. Re7 Rxe7 31. Bxe7 a5 32. Bf6 Kc6 33. Ke3 Nxc2+ 34. Kf4 Kd5 35. Kg5 Ke6 36. Bd8 Kd7 37. Bf6 Ke6 38. Bd8 Kd7 39. Bf6 Ke8 40. Kh6 Kf7 41. Bd8 Kg8 42. Bxc7 Ne1 43. Bxa5 Nxd3 44. Bb6 c4 45. bxc4 Nxb2 46. c5 Nd3 47. h4 Ne5 48. Kg5 Kf7 49. h5 h6+ 50. Kf4 Nd7 51. hxg6+ Kxg6 52. Ke4 Kg5 53. Kd5 Kxg4 54. Kd6 Nxc5 1/2-1/2

[Event "GRENKE Chess Open 2024"]
[Site "Karlsruhe"]
[Date "2024.03.29"]
[Round "2.16"]
[White "Meshkovs, Nikita"]
[Black "Robert, Mathias"]
[Result "1-0"]
[WhiteElo "2556"]
[BlackElo "2237"]
[Annotator "TA"]
[PlyCount "97"]
[EventDate "2024.03.28"]
[EventType "swiss"]
[EventCountry "GER"]
[SourceTitle "playchess.com"]
[Source "ChessBase"]
[SourceQuality "1"]

1. d4 Nf6 2. Bg5 e6 3. e4 h6 4. Bxf6 Qxf6 5. Nc3 d6 6. Qd2 a6 7. g3 Nd7 8. f4 g6 9. Bg2 Qe7 10. h4 Bg7 11. Nh3 Nb6 12. e5 dxe5 13. dxe5 O-O 14. O-O Bd7 15. Nf2 Rad8 16. Qe2 Qb4 17. Nd3 Qd4+ 18. Qf2 Qxf2+ 19. Rxf2 Bc8 20. Re1 h5 21. Ne4 Nd5 22. Rd2 b6 23. Kf2 a5 24. c4 Nb4 25. Red1 Bb7 26. Nf6+ Bxf6 27. exf6 Bxg2 28. Kxg2 Nc6 29. Ne5 Rxd2+ 30. Rxd2 Rd8 31. Rxd8+ Nxd8 32. c5 bxc5 33. a4 Nb7 34. Nc4 Kf8 35. Kf3 Ke8 36. Ke3 Nd6 37. Nxa5 Kd7 38. Kd3 Ne8 39. Nc4 Nxf6 40. Ne5+ Kd6 41. Nxf7+ Kd5 42. Ne5 Ne4 43. a5 c4+ 44. Ke3 Nc5 45. Nxg6 Kc6 46. g4 hxg4 47. h5 g3 48. h6 g2 49. Ne5+ 1-0

[Event "GRENKE Chess Open 2024"]
[Site "Karlsruhe"]
[Date "2024.03.29"]
[Round "2.17"]
[White "Besou, Hussain"]
[Black "Muradli, Mahammad"]
[Result "0-1"]
[WhiteElo "2239"]
[BlackElo "2555"]
[Annotator "TA"]
[PlyCount "94"]
[EventDate "2024.03.28"]
[EventType "swiss"]
[EventCountry "GER"]
[SourceTitle "playchess.com"]
[Source "ChessBase"]
[SourceQuality "1"]

1. d4 Nf6 2. c4 e6 3. Nf3 d5 4. g3 Bb4+ 5. Bd2 Be7 6. Bg2 Nbd7 7. Qc2 c6 8. O-O b6 9. Rd1 Ba6 10. b3 O-O 11. Bc3 Rc8 12. Nbd2 c5 13. dxc5 Bxc5 14. Qb2 Qe7 15. a4 Bb4 16. Nd4 Bxc3 17. Qxc3 Nb8 18. Nb5 Nc6 19. Qb2 Na5 20. cxd5 Nxd5 21. Bxd5 exd5 22. Nf3 Rfd8 23. Nfd4 Qd7 24. Rd2 h5 25. h4 Nc6 26. Nxc6 Rxc6 27. Nd4 Rg6 28. Nf3 Bb7 29. Rd4 Re8 30. Rad1 Rge6 31. R1d2 Qe7 32. e3 Rc8 33. Kg2 Rec6 34. Qb1 g6 35. Ng5 R8c7 36. Qd1 Rc1 37. Qf3 Rb1 38. R2d3 Rcc1 39. Rd1 Rxd1 40. Rxd1 d4 41. e4 Rxd1 42. Qxd1 f6 43. Nh3 Qxe4+ 44. f3 Qe3 45. Nf4 Kf7 46. Nd3 Ba6 47. Nf4 d3 0-1

[Event "GRENKE Chess Open 2024"]
[Site "Karlsruhe"]
[Date "2024.03.29"]
[Round "2.18"]
[White "Nasuta, Grzegorz"]
[Black "Degardin, Sylvain"]
[Result "1/2-1/2"]
[WhiteElo "2552"]
[BlackElo "2235"]
[Annotator "TA"]
[PlyCount "124"]
[EventDate "2024.03.28"]
[EventType "swiss"]
[EventCountry "GER"]
[SourceTitle "playchess.com"]
[Source "ChessBase"]
[SourceQuality "1"]

1. e4 c5 2. Nf3 d6 3. d4 cxd4 4. Nxd4 Nf6 5. Nc3 Nc6 6. Bg5 e6 7. Qd2 a6 8. O-O-O Bd7 9. Kb1 Be7 10. Nxc6 Bxc6 11. f3 h6 12. Be3 d5 13. e5 Nd7 14. f4 Qa5 15. Bd4 O-O-O 16. Qe3 Bc5 17. Be2 Kb8 18. Bf3 Rc8 19. h4 Bxd4 20. Rxd4 Nb6 21. Be2 Qc5 22. Rc1 h5 23. g3 g6 24. Qd2 Rc7 25. a3 Rhc8 26. Rd1 Bb5 27. Bxb5 axb5 28. Rb4 Nc4 29. Qd3 Nxa3+ 30. bxa3 Qxc3 31. Rxb5 Qxc2+ 32. Qxc2 Rxc2 33. Rd4 R2c3 34. Rdb4 R8c7 35. Rb3 Rc1+ 36. Ka2 R7c2+ 37. Rb2 Rxb2+ 38. Kxb2 Rg1 39. Rb3 Rg2+ 40. Kc1 Kc7 41. Rc3+ Kb6 42. Rb3+ Ka6 43. Rc3 b6 44. Rc7 Rxg3 45. Rxf7 Rg4 46. Rf6 Rxh4 47. Rxg6 Rxf4 48. Rxe6 Re4 49. Kd2 Kb5 50. Kd3 h4 51. Rh6 Rxe5 52. Rxh4 Kc5 53. Rh8 Re6 54. Rc8+ Rc6 55. Rd8 Rh6 56. Rc8+ Kd6 57. Rd8+ Kc5 58. Rc8+ Rc6 59. Rd8 b5 60. Ra8 Rc7 61. a4 b4 62. Rb8 Rh7 1/2-1/2

[Event "GRENKE Chess Open 2024"]
[Site "Karlsruhe"]
[Date "2024.03.29"]
[Round "2.19"]
[White "Redzisz, Michal"]
[Black "Engel, Luis"]
[Result "0-1"]
[WhiteElo "2238"]
[BlackElo "2547"]
[Annotator "TA"]
[PlyCount "92"]
[EventDate "2024.03.28"]
[EventType "swiss"]
[EventCountry "GER"]
[SourceTitle "playchess.com"]
[Source "ChessBase"]
[SourceQuality "1"]

1. e4 c5 2. Nf3 d6 3. d4 cxd4 4. Nxd4 Nf6 5. Nc3 a6 6. Be2 e5 7. Nb3 Be7 8. Be3 Be6 9. Nd5 Nbd7 10. Qd3 O-O 11. O-O Bxd5 12. exd5 Nc5 13. Nxc5 dxc5 14. Rad1 Bd6 15. f4 exf4 16. Bxf4 Bxf4 17. Rxf4 Qd6 18. Rf5 g6 19. Rff1 Rae8 20. Bf3 Nd7 21. c4 Re5 22. Qb3 Rb8 23. a4 Re7 24. Rde1 Ne5 25. Qc3 Rbe8 26. Bd1 a5 27. Re4 b6 28. Qg3 f5 29. Ref4 Nf7 30. Qf2 Re4 31. Rxe4 Rxe4 32. Re1 Qe5 33. Rxe4 fxe4 34. Bg4 e3 35. Qe2 Nd6 36. g3 Qd4 37. b3 Ne4 38. Kg2 Kg7 39. Be6 Qd2 40. Bg4 Nc3 41. Qxd2 exd2 42. Kf2 Kf6 43. Ke3 d1=Q 44. Bxd1 Nxd1+ 45. Ke2 Nc3+ 46. Kd3 Na2 0-1

[Event "GRENKE Chess Open 2024"]
[Site "Karlsruhe"]
[Date "2024.03.29"]
[Round "2.20"]
[White "Hong, Andrew"]
[Black "Wendler, David"]
[Result "1-0"]
[WhiteElo "2542"]
[BlackElo "2233"]
[Annotator "TA"]
[PlyCount "93"]
[EventDate "2024.03.28"]
[EventType "swiss"]
[EventCountry "GER"]
[SourceTitle "playchess.com"]
[Source "ChessBase"]
[SourceQuality "1"]

1. e4 c5 2. Nf3 Nc6 3. d4 cxd4 4. Nxd4 g6 5. c4 Nf6 6. Nc3 Nxd4 7. Qxd4 d6 8. f3 Bg7 9. Be3 O-O 10. Qd2 Be6 11. Rc1 Qa5 12. b3 Rfc8 13. g4 Nd7 14. Nd5 Qxd2+ 15. Kxd2 Bxd5 16. exd5 e6 17. dxe6 fxe6 18. g5 Kf7 19. f4 a6 20. Bg2 Rc7 21. Ke2 Rac8 22. Rhd1 Bb2 23. Rb1 Ba3 24. Rd3 a5 25. Bd2 b6 26. h4 Ke7 27. Rd1 a4 28. h5 axb3 29. axb3 Ra7 30. hxg6 hxg6 31. Rh3 Nf8 32. Be4 Kf7 33. Bc3 b5 34. cxb5 d5 35. Bxg6+ Kxg6 36. Rh6+ Kf7 37. g6+ Ke7 38. g7 Nd7 39. Rh8 Raa8 40. Ra1 e5 41. Rxc8 Rxc8 42. Rxa3 exf4 43. Bd4 Ke6 44. b6 Rb8 45. b7 Kf7 46. Ra8 f3+ 47. Kxf3 1-0

[Event "GRENKE Chess Open 2024"]
[Site "Karlsruhe"]
[Date "2024.03.29"]
[Round "2.21"]
[White "Meyers, Mark"]
[Black "Erdogmus, Yagiz Kaan"]
[Result "0-1"]
[WhiteElo "2235"]
[BlackElo "2540"]
[Annotator "TA"]
[PlyCount "172"]
[EventDate "2024.03.28"]
[EventType "swiss"]
[EventCountry "GER"]
[SourceTitle "playchess.com"]
[Source "ChessBase"]
[SourceQuality "1"]

1. Nf3 d5 2. g3 Nf6 3. Bg2 e6 4. d4 Be7 5. c4 O-O 6. O-O c6 7. Nc3 a5 8. b3 b6 9. Nd2 Ba6 10. Re1 c5 11. dxc5 Bxc5 12. Bb2 Nc6 13. cxd5 exd5 14. Na4 Be7 15. Rc1 Bb7 16. Nf3 Ne4 17. Nd4 Nxd4 18. Bxd4 b5 19. Nc5 Bxc5 20. Bxc5 Re8 21. Bd4 b4 22. Ba1 f6 23. Qd4 Ng5 24. h4 Ne6 25. Qd3 Qd7 26. h5 h6 27. e3 Ng5 28. Bxf6 gxf6 29. Qg6+ Kf8 30. Qxh6+ Ke7 31. Qg7+ Ke6 32. Qg6 Qh7 33. Qxh7 Nxh7 34. Rc7 Re7 35. Rec1 Rae8 36. R7c5 Ng5 37. Rxa5 Ne4 38. Bxe4 dxe4 39. Rc4 Kf7 40. Rxb4 Bc8 41. Rd4 Bg4 42. Rc5 Bf3 43. Rdd5 Ra8 44. a4 Rb7 45. Rb5 Rxb5 46. Rxb5 Rc8 47. g4 Bxg4 48. a5 Rh8 49. a6 Bxh5 50. Kg2 Bf3+ 51. Kg3 Rg8+ 52. Kh4 Rh8+ 53. Kg3 Rg8+ 54. Kh4 Ra8 55. Rb6 Be2 56. Rb7+ Ke6 57. a7 Kd6 58. Kg3 Kc6 59. Rf7 Kb6 60. Kf4 Bf3 61. Rxf6+ Kxa7 62. Rc6 Rb8 63. Rc3 Ka6 64. Ke5 Ka5 65. Rc2 Rxb3 66. Kd4 Kb4 67. Ra2 Rd3+ 68. Ke5 Kb3 69. Ra8 Rd2 70. Rb8+ Kc2 71. Ra8 Kd3 72. Kf4 Rxf2 73. Ra3+ Kc4 74. Ke5 Re2 75. Kf4 Kb4 76. Ra8 Kc3 77. Ra3+ Kd2 78. Ra1 Rg2 79. Ra2+ Ke1 80. Ra1+ Kf2 81. Ra2+ Kg1 82. Ra1+ Kh2 83. Ra3 Rg4+ 84. Kf5 Kg3 85. Ke5 Rg8 86. Ra7 Rd8 0-1

[Event "GRENKE Chess Open 2024"]
[Site "Karlsruhe"]
[Date "2024.03.29"]
[Round "2.22"]
[White "Vavulin, Maxim"]
[Black "Zolfagharian, Kevin"]
[Result "1-0"]
[WhiteElo "2538"]
[BlackElo "2233"]
[Annotator "TA"]
[PlyCount "85"]
[EventDate "2024.03.28"]
[EventType "swiss"]
[EventCountry "GER"]
[SourceTitle "playchess.com"]
[Source "ChessBase"]
[SourceQuality "1"]

1. e4 e5 2. Nf3 Nf6 3. Nxe5 d6 4. Nf3 Nxe4 5. c4 Nc6 6. Nc3 Nxc3 7. dxc3 Be7 8. Bd3 Ne5 9. Nxe5 dxe5 10. Be3 Qd7 11. Qe2 Qg4 12. f3 Qe6 13. O-O-O Bd7 14. Rhe1 O-O-O 15. b3 Kb8 16. Kb2 f5 17. Qf2 a6 18. Qc2 g6 19. Bg1 Bh4 20. g3 Bf6 21. Qf2 b6 22. a4 Be7 23. Qe2 Rhe8 24. c5 Bxc5 25. Bxc5 bxc5 26. Bxa6 Bc6 27. Bc4 Qe7 28. Qe3 Rd6 29. Ka3 Qd7 30. Rb1 Rd2 31. b4 Bxa4 32. bxc5+ Ka8 33. Rb4 Bc6 34. Ra1 Rd1 35. Ra2 Bb7 36. c6 Qxc6 37. Bb5 Qd6 38. Bxe8 Bd5 39. Ba4 Bxa2 40. Bxd1 Qxd1 41. Kxa2 Qc2+ 42. Ka3 c5 43. Rb2 1-0

[Event "GRENKE Chess Open 2024"]
[Site "Karlsruhe"]
[Date "2024.03.29"]
[Round "2.23"]
[White "Suliborski, Jakub"]
[Black "Horvath, Dominik"]
[Result "0-1"]
[WhiteElo "2232"]
[BlackElo "2534"]
[Annotator "TA"]
[PlyCount "96"]
[EventDate "2024.03.28"]
[EventType "swiss"]
[EventCountry "GER"]
[SourceTitle "playchess.com"]
[Source "ChessBase"]
[SourceQuality "1"]

1. e4 c5 2. Nf3 d6 3. d4 cxd4 4. Nxd4 Nf6 5. Nc3 a6 6. Be3 e5 7. Nb3 Be7 8. h3 h6 9. Qf3 b5 10. g4 Nbd7 11. O-O-O Bb7 12. h4 b4 13. Nd5 Nxd5 14. exd5 Bxh4 15. Nd2 Be7 16. Nc4 Nf8 17. Bb6 Qb8 18. Qb3 Bc8 19. f3 Nd7 20. Qxb4 Nxb6 21. Qxb6 O-O 22. Qxb8 Rxb8 23. Na5 Rb4 24. Bd3 Rf4 25. Rhf1 f5 26. gxf5 Bxf5 27. Be2 h5 28. Nc6 Bg5 29. Kb1 h4 30. Bxa6 h3 31. Be2 Bd7 32. a4 Rxa4 33. Bb5 Rh4 34. Ne7+ Kf7 35. Bxd7 Kxe7 36. Bg4 h2 37. c4 Be3 38. Rh1 Rb8 39. Rde1 Bg1 40. Kc2 Kf6 41. b3 Bd4 42. Bd7 Ra8 43. Ba4 Kf5 44. Re2 Rah8 45. Rg2 g5 46. Kd3 Kf4 47. Bd7 R8h7 48. Bg4 Rb7 0-1

[Event "GRENKE Chess Open 2024"]
[Site "Karlsruhe"]
[Date "2024.03.29"]
[Round "2.24"]
[White "Kozul, Zdenko"]
[Black "Schmitz, Thorsten"]
[Result "1-0"]
[WhiteElo "2529"]
[BlackElo "2230"]
[Annotator "TA"]
[PlyCount "65"]
[EventDate "2024.03.28"]
[EventType "swiss"]
[EventCountry "GER"]
[SourceTitle "playchess.com"]
[Source "ChessBase"]
[SourceQuality "1"]

1. d4 d6 2. Nf3 Bg4 3. c4 Nd7 4. Nc3 e5 5. e3 Ngf6 6. h3 Bxf3 7. Qxf3 c6 8. g4 g6 9. d5 cxd5 10. cxd5 Be7 11. h4 e4 12. Qg2 Ne5 13. g5 Nf3+ 14. Kd1 Nh5 15. Nxe4 Ne5 16. Be2 Rc8 17. f4 Nd7 18. Bxh5 gxh5 19. Bd2 Qb6 20. Bc3 Rxc3 21. Nxc3 O-O 22. Qd2 Nc5 23. Rb1 a5 24. Qe2 Re8 25. Qb5 Qd8 26. Re1 Bf8 27. e4 Bg7 28. e5 Qc8 29. e6 fxe6 30. dxe6 b6 31. f5 Bxc3 32. bxc3 Qa8 33. Kc2 1-0

[Event "GRENKE Chess Open 2024"]
[Site "Karlsruhe"]
[Date "2024.03.29"]
[Round "2.25"]
[White "Derige Kane, Yan"]
[Black "Noe, Christopher"]
[Result "1/2-1/2"]
[WhiteElo "2230"]
[BlackElo "2527"]
[Annotator "TA"]
[PlyCount "104"]
[EventDate "2024.03.28"]
[EventType "swiss"]
[EventCountry "GER"]
[SourceTitle "playchess.com"]
[Source "ChessBase"]
[SourceQuality "1"]

1. e4 c6 2. Nf3 d5 3. Nc3 Qa5 4. d3 Bg4 5. Bd2 dxe4 6. Nxe4 Qc7 7. h3 Bh5 8. Qe2 Nd7 9. g4 Bg6 10. Nh4 Bxe4 11. dxe4 e6 12. f4 Bd6 13. e5 Bc5 14. O-O-O Ne7 15. Nf3 Nd5 16. Ng5 Be7 17. Ne4 b5 18. h4 N7b6 19. Nc3 Nc4 20. Qf3 Qb6 21. Bxc4 bxc4 22. f5 O-O 23. Nxd5 cxd5 24. f6 Bc5 25. fxg7 Rfd8 26. Rdf1 Rd7 27. g5 Rb8 28. b3 cxb3 29. cxb3 Ba3+ 30. Kb1 Qd4 31. Bc3 Qe4+ 32. Qxe4 dxe4 33. Re1 Rc8 34. Bb2 Bxb2 35. Kxb2 Rd2+ 36. Ka3 Rd4 37. h5 Kxg7 38. Rh4 Rc5 39. Rhxe4 Ra5+ 40. Kb2 Rd2+ 41. Kc3 Raxa2 42. Rf4 Rac2+ 43. Kb4 Rc7 44. g6 hxg6 45. hxg6 fxg6 46. Rf6 Rb7+ 47. Kc3 Rg2 48. Rxe6 Rg3+ 49. Kc4 Rgxb3 50. Rg1 R3b4+ 51. Kc3 Rb3+ 52. Kc4 R3b4+ 1/2-1/2

[Event "GRENKE Chess Open 2024"]
[Site "Karlsruhe"]
[Date "2024.03.29"]
[Round "2.26"]
[White "Gavrilescu, David"]
[Black "Moritz, Aron"]
[Result "1-0"]
[WhiteElo "2524"]
[BlackElo "2230"]
[Annotator "TA"]
[PlyCount "89"]
[EventDate "2024.03.28"]
[EventType "swiss"]
[EventCountry "GER"]
[SourceTitle "playchess.com"]
[Source "ChessBase"]
[SourceQuality "1"]

1. e4 c5 2. Nf3 d6 3. d4 cxd4 4. Qxd4 Nc6 5. Qe3 g6 6. h3 Bg7 7. Be2 Nf6 8. O-O O-O 9. Rd1 Be6 10. Nc3 Qb6 11. Qxb6 axb6 12. a3 Nd7 13. Nd5 Rfc8 14. c3 Bxd5 15. exd5 Na5 16. Rb1 Nc4 17. Nd4 Ra5 18. Nc2 Nf6 19. Nb4 Kf8 20. g3 Ke8 21. Bf4 Kd8 22. Rd4 Rac5 23. a4 Nd7 24. Rdd1 h6 25. Nc2 g5 26. Bc1 Nf6 27. Nd4 Rxd5 28. Bf3 Rdc5 29. Bxb7 R8c7 30. b4 Rd5 31. Bxd5 Nxd5 32. Rb3 e6 33. Nb5 Rc8 34. Be3 Ra8 35. Bd4 Bf8 36. Na3 Nxa3 37. Rxa3 Kc7 38. a5 Kc6 39. b5+ Kxb5 40. axb6 Rb8 41. Rb1+ Kc6 42. c4 Ne7 43. Ra7 Rb7 44. Ra8 Nf5 45. Rc8+ 1-0

[Event "GRENKE Chess Open 2024"]
[Site "Karlsruhe"]
[Date "2024.03.29"]
[Round "2.27"]
[White "Buyukasik, Diyap"]
[Black "Vogel, Roven"]
[Result "0-1"]
[WhiteElo "2228"]
[BlackElo "2521"]
[Annotator "TA"]
[PlyCount "76"]
[EventDate "2024.03.28"]
[EventType "swiss"]
[EventCountry "GER"]
[SourceTitle "playchess.com"]
[Source "ChessBase"]
[SourceQuality "1"]

1. Nf3 d5 2. g3 g6 3. Bg2 Bg7 4. d4 e6 5. O-O Ne7 6. c4 O-O 7. Qc2 Nbc6 8. Rd1 Nf5 9. e3 a5 10. Bd2 Qe7 11. Na3 Nb4 12. Qb1 c5 13. Bc3 cxd4 14. Nxd4 e5 15. Nxf5 Bxf5 16. e4 dxe4 17. Bxe4 Bg4 18. Re1 f5 19. Bg2 Rad8 20. h3 Bh5 21. Nc2 Nd3 22. Re3 e4 23. Qf1 Qc5 24. Bxg7 Kxg7 25. Ne1 Ne5 26. Rb3 Rd2 27. Rxb7+ Kg8 28. Rb5 Qxb5 29. cxb5 Be2 30. f4 Bxf1 31. Bxf1 Nf3+ 32. Nxf3 exf3 33. Rc1 Re8 34. Rc3 Re1 35. Rxf3 Rxb2 36. Rf2 Rxb5 37. Kg2 Rc5 38. Rd2 a4 0-1

[Event "GRENKE Chess Open 2024"]
[Site "Karlsruhe"]
[Date "2024.03.29"]
[Round "2.28"]
[White "Parkhov, Yair"]
[Black "Bauer, Thomas"]
[Result "1-0"]
[WhiteElo "2518"]
[BlackElo "2225"]
[Annotator "TA"]
[PlyCount "61"]
[EventDate "2024.03.28"]
[EventType "swiss"]
[EventCountry "GER"]
[SourceTitle "playchess.com"]
[Source "ChessBase"]
[SourceQuality "1"]

1. d4 d6 2. e4 Nf6 3. Nc3 g6 4. Nf3 Bg7 5. Be3 c6 6. a4 O-O 7. h3 Nbd7 8. Bd3 c5 9. d5 b6 10. O-O a6 11. Nd2 Ne8 12. Nc4 Ne5 13. Nxe5 Bxe5 14. Qd2 Nc7 15. f4 Bg7 16. f5 Bd7 17. Bg5 Re8 18. Rf3 b5 19. Raf1 b4 20. fxg6 fxg6 21. Ne2 Bxa4 22. Rf7 Be5 23. Qe1 Qd7 24. Qh4 h5 25. Bxe7 Rxe7 26. Rxe7 Qd8 27. Qg5 Be8 28. Nf4 Bd4+ 29. Kh1 Be3 30. Nxg6 Bxg5 31. Rf8# 1-0

[Event "GRENKE Chess Open 2024"]
[Site "Karlsruhe"]
[Date "2024.03.29"]
[Round "2.29"]
[White "Hinrichs, Paul"]
[Black "Schlosser, Philipp"]
[Result "1/2-1/2"]
[WhiteElo "2227"]
[BlackElo "2511"]
[Annotator "TA"]
[PlyCount "85"]
[EventDate "2024.03.28"]
[EventType "swiss"]
[EventCountry "GER"]
[SourceTitle "playchess.com"]
[Source "ChessBase"]
[SourceQuality "1"]

1. d4 e6 2. c4 d5 3. Nc3 Be7 4. Nf3 Nf6 5. Bf4 O-O 6. e3 Nbd7 7. Bd3 dxc4 8. Bxc4 a6 9. a4 c5 10. dxc5 Nxc5 11. Qxd8 Rxd8 12. Bc7 Rf8 13. Ne5 Bd7 14. Nxd7 Ncxd7 15. Be2 Rac8 16. Bg3 Bb4 17. O-O Bxc3 18. bxc3 Ne4 19. Bf3 Ndc5 20. Bxe4 Nxe4 21. Rfb1 Nxg3 22. hxg3 Rc7 23. Ra3 Rd8 24. Rab3 Rdd7 25. Kf1 Kf8 26. Ke2 Ke7 27. Rd1 Rxd1 28. Kxd1 Kd7 29. Kc2 Kc8 30. Rb4 Rc5 31. Kb3 Kc7 32. g4 h5 33. gxh5 Rxh5 34. Rc4+ Kd7 35. Rb4 Kc6 36. Rc4+ Rc5 37. Rh4 Rf5 38. Rc4+ Kb6 39. f3 Rh5 40. Rb4+ Kc6 41. Rc4+ Rc5 42. Rh4 Kd6 43. Rb4 1/2-1/2

[Event "GRENKE Chess Open 2024"]
[Site "Karlsruhe"]
[Date "2024.03.29"]
[Round "2.30"]
[White "Tiglon, Bryce"]
[Black "Schulze, Marc"]
[Result "1-0"]
[WhiteElo "2509"]
[BlackElo "2223"]
[Annotator "TA"]
[PlyCount "61"]
[EventDate "2024.03.28"]
[EventType "swiss"]
[EventCountry "GER"]
[SourceTitle "playchess.com"]
[Source "ChessBase"]
[SourceQuality "1"]

1. e4 c6 2. d4 d5 3. e5 Bf5 4. Nf3 e6 5. Be2 Nd7 6. O-O h6 7. c3 Ne7 8. a4 a5 9. Na3 g5 10. Nc2 Bg7 11. Nfe1 O-O 12. f4 gxf4 13. Bxf4 Ng6 14. Bd3 Bxd3 15. Nxd3 Kh7 16. Bg3 Qg5 17. Nf4 Nxf4 18. Rxf4 f5 19. Qe2 Rf7 20. Raf1 Bf8 21. Rh4 Rg7 22. Ne3 Rg6 23. Rhf4 Qe7 24. Kh1 Qe8 25. Bh4 Be7 26. Bxe7 Qxe7 27. g4 Rag8 28. gxf5 exf5 29. Nxf5 Qe6 30. Ne7 Rg2 31. Qd3+ 1-0

[Event "GRENKE Chess Open 2024"]
[Site "Karlsruhe"]
[Date "2024.03.29"]
[Round "2.31"]
[White "Gharibyan, Mamikon"]
[Black "Raeber, Markus"]
[Result "1/2-1/2"]
[WhiteElo "2499"]
[BlackElo "2221"]
[Annotator "TA"]
[PlyCount "97"]
[EventDate "2024.03.28"]
[EventType "swiss"]
[EventCountry "GER"]
[SourceTitle "playchess.com"]
[Source "ChessBase"]
[SourceQuality "1"]

1. d4 Nf6 2. Nf3 g6 3. c4 Bg7 4. Nc3 O-O 5. e4 d6 6. Be2 Bg4 7. O-O a5 8. Be3 Nfd7 9. h3 Bxf3 10. Bxf3 Nc6 11. d5 Nb4 12. Be2 c6 13. Qd2 cxd5 14. cxd5 Na6 15. Bxa6 Rxa6 16. a4 Ra8 17. Nb5 b6 18. Nd4 Bxd4 19. Bxd4 Nc5 20. Qe3 Qd7 21. b3 e5 22. dxe6 Qxe6 23. Rad1 Rfe8 24. Rfe1 Ra7 25. Qg3 Rd7 26. Re3 f6 27. h4 Qf7 28. Qf3 Re6 29. Qf4 Rde7 30. Bxc5 dxc5 31. Rd8+ Kg7 32. h5 g5 33. Qb8 Rxe4 34. Qxb6 Rxe3 35. fxe3 Qe6 36. Qxe6 Rxe6 37. Kf2 Kh6 38. Rc8 Rb6 39. Rxc5 Rxb3 40. g4 Rb4 41. Kf3 Rxa4 42. Rc6 Kg7 43. Rc7+ Kg8 44. h6 Rb4 45. Rg7+ Kf8 46. Rxh7 Rb5 47. Rg7 Re5 48. Ra7 Kg8 49. Rg7+ 1/2-1/2

[Event "GRENKE Chess Open 2024"]
[Site "Karlsruhe"]
[Date "2024.03.29"]
[Round "2.32"]
[White "Grahn, Vidar"]
[Black "Costa, Leonardo"]
[Result "0-1"]
[WhiteElo "2226"]
[BlackElo "2479"]
[Annotator "TA"]
[PlyCount "94"]
[EventDate "2024.03.28"]
[EventType "swiss"]
[EventCountry "GER"]
[SourceTitle "playchess.com"]
[Source "ChessBase"]
[SourceQuality "1"]

1. d4 Nf6 2. c4 e6 3. g3 d5 4. Bg2 dxc4 5. Nf3 Bb4+ 6. Bd2 a5 7. a3 Bxd2+ 8. Nbxd2 b5 9. b3 cxb3 10. Qxb3 c6 11. O-O O-O 12. Rfc1 Bb7 13. Qb2 Nbd7 14. Ne1 Nd5 15. e4 N5b6 16. e5 Na4 17. Qc2 Qb6 18. Nb3 Rfd8 19. Nd3 h6 20. Rab1 Qa7 21. Qe2 Ndb6 22. Ndc5 Nxc5 23. Nxc5 Nd5 24. h4 Rab8 25. Be4 Bc8 26. Qd2 Ne7 27. g4 Ng6 28. f4 Nxh4 29. Bxc6 Bb7 30. Bxb7 Rxb7 31. Qf2 Rxd4 32. Qxh4 Rxf4 33. Qg3 Rd4 34. Kh2 Rb8 35. Nb3 Ra4 36. Nc5 Rd4 37. Nb3 Re4 38. Nc5 Re2+ 39. Kh3 b4 40. axb4 axb4 41. Rc4 Qa8 42. Nd7 Qd5 43. Nxb8 Qxc4 44. Rd1 Qe4 45. Qg1 Re3+ 46. Kh2 Qf4+ 47. Kh1 Rh3+ 0-1